Moneda, banca y mercados financieros
Saved in:
| Hovedforfatter: | |
|---|---|
| Format: | Bog |
| Sprog: | spansk |
| Udgivet: |
Ciudad de México
Pearson Educación
2008
|
| Udgivelse: | 8a. ed |
| Fag: | |
| Tags: |
Tilføj Tag
Ingen Tags, Vær først til at tagge denne postø!
|
MARC
| LEADER | 00000nam a2200000 a 4500 | ||
|---|---|---|---|
| 001 | UCI8683 | ||
| 003 | CL-VaPUC | ||
| 005 | 20240612162413.0 | ||
| 008 | 080922e20080000MX |||||||||||||||||spa|d | ||
| 999 | |c 331493 |d 331491 | ||
| 020 | |a 9789702610854 | ||
| 040 | |c Pontificia Universidad Católica de Valparaíso | ||
| 082 | 0 | 4 | |a 332.46 |b MIS |2 21 |
| 100 | |a Mishkin, Frederic S. |e autor |9 532259 | ||
| 245 | 1 | 0 | |a Moneda, banca y mercados financieros |
| 250 | |a 8a. ed | ||
| 260 | |a Ciudad de México |b Pearson Educación |c 2008 | ||
| 300 | |a 660 p | ||
| 583 | |a last modification |c 20080922 00:00:00 |k Rodrigo Vera | ||
| 650 | 0 | |a Finanzas |9 260832 | |
| 650 | 0 | |a Bancos |2 CL-VaPUC |9 254963 | |
| 650 | 0 | |a Mercado financiero |9 334172 | |
| 650 | 0 | |a Política monetaria |9 258279 | |
| 650 | 0 | |a Finanzas internacionales |9 255570 | |
| 942 | |c BK |2 ddc | ||
| 945 | |d 20080922 00:00:00 |a jtorresc | ||
| 952 | |0 0 |1 0 |4 0 |6 332_460000000000000_MIS_2008 |7 0 |8 R |9 418202 |a BIBGIM |b BIBGIM |d 2019-11-22 |i 448245K |l 1 |o 332.46 MIS 2008 |p 448245K |r 2025-01-15 |s 2023-08-09 |w 2019-11-22 |y BK_R |k COM | ||
| 952 | |0 0 |1 0 |4 0 |6 332_460000000000000_MIS_2008 |7 0 |8 R |9 418203 |a BIBENE |b BIBENE |d 2019-11-22 |i 4505204 |o 332.46 MIS 2008 |p 4505204 |r 2025-01-15 |w 2019-11-22 |y BK_R |k ICO | ||